[Event "2. Bundesliga West 2013/14"]
[Site "Salzburg"]
[Date "2014.01.17"]
[Round "6"]
[Board "3"]
[White "Dovzik, Juri"]
[Black "Leutwyler, Martin"]
[Result "*"]
[WhiteElo "2335"]
[BlackElo "2159"]
[PlyCount "75"]
[EventDate "2013.10.18"]
[EventType "team"]
[EventRounds "11"]
[EventCountry "AUT"]
[WhiteTeam "Ranshofen"]
[BlackTeam "Dornbirn"]

1.d4 d5 2.Nf3 Nf6 3.c4 c6 4.Nc3 dxc4 5.a4 Bf5 6.e3 e6 7.Bxc4 Bb4 8.O-O Nbd7 9.Qe2
Bg6 10.Rd1 O-O 11.Bd2 a5 12.Bd3 Bh5 13.Ne4 Bxd2 14.Rxd2 Nxe4 15.Bxe4 Qe7 16.Qd1 e5
17.Qc2 Bxf3 18.Bxf3 exd4 19.Rxd4 Rfd8 20.Rad1 Nf6 21.Qb3 Rxd4 22.Rxd4 Qc7 23.Qd1 h6
24.b3 Kf8 25.g4 Ke8 26.h4 g5 27.hxg5 hxg5 28.Qa1 Ke7 29.Qc3 Rg8 30.b4 axb4 31.Rxb4
Nd7 32.Re4+ Kd8 33.a5 Re8 34.Rd4 Kc8 35.a6 bxa6 36.Bxc6 Ne5 37.Bd7+ Nxd7 38.Rc4

[Event "2. Bundesliga West 2013/14"]
[Site "Salzburg"]
[Date "2014.01.17"]
[Round "6"]
[Board "4"]
[White "Novkovic, Julia"]
[Black "Ager, Josef"]
[Result "*"]
[WhiteElo "2110"]
[BlackElo "2167"]
[PlyCount "140"]
[EventDate "2013.10.18"]
[EventType "team"]
[EventRounds "11"]
[EventCountry "AUT"]
[WhiteTeam "Dornbirn"]
[BlackTeam "Ranshofen"]

1.e4 e5 2.Nf3 Nc6 3.Bb5 a6 4.Bxc6 dxc6 5.Nc3 f6 6.d4 exd4 7.Qxd4 Qxd4 8.Nxd4 c5 9.Nde2
Be6 10.Nf4 Bf7 11.Nfd5 Bd6 12.Bf4 Bxf4 13.Nxf4 Ne7 14.O-O-O Rd8 15.Rxd8+ Kxd8 16.Nd3
b6 17.e5 f5 18.f4 Be6 19.Rd1 Kc8 20.Ne1 Kb7 21.Nf3 h6 22.Rd2 Kc6 23.a3 Rg8 24.h4 a5
25.Kd1 Ra8 26.Ke1 a4 27.Kf2 b5 28.Ne2 Kb6 29.c3 Nc6 30.Rd1 Bb3 31.Rd7 Rg8 32.h5 Be6
33.Rd1 Na5 34.Nd2 Ka6 35.Ng3 Nc6 36.Ndf1 Rb8 37.Ne3 Ne7 38.Ne2 Kb7 39.Rd2 Kc8 40.Kf3
Bd7 41.Kf2 b4 42.cxb4 cxb4 43.Nc4 bxa3 44.Nxa3 Be8 45.Nd4 Bxh5 46.Ne6 Rb6 47.Rd8+
Kb7 48.Nc5+ Kc6 49.Nd3 Bf7 50.Ra8 Bb3 51.Rh8 Kd5 52.Rd8+ Ke6 53.Nc5+ Kf7 54.Rd4 Ke8
55.Rd2 Ng6 56.g3 Nf8 57.Nb1 Ne6 58.Nxe6 Bxe6 59.Nc3 Rb4 60.Ne2 c5 61.Rc2 Kd7 62.Nc3
Kc6 63.Ke3 Kc7 64.Rd2 Rb3 65.Kd3 a3 66.bxa3 Rxa3 67.Kc2 Ra6 68.Nb5+ Kc6 69.Nc3 Kb6
70.Rd1 Kc7

[Event "2. Bundesliga West 2013/14"]
[Site "Salzburg"]
[Date "2014.01.17"]
[Round "6"]
[Board "5"]
[White "Knechtel, Roland"]
[Black "Gsteu, Peter"]
[Result "*"]
[WhiteElo "2205"]
[BlackElo "2146"]
[PlyCount "67"]
[EventDate "2013.10.18"]
[EventType "team"]
[EventRounds "11"]
[EventCountry "AUT"]
[WhiteTeam "Ranshofen"]
[BlackTeam "Dornbirn"]

1.d4 d6 2.Nf3 c6 3.c4 Bg4 4.Bg5 Qa5+ 5.Bd2 Qd8 6.Bc3 e6 7.d5 e5 8.Nbd2 Nf6 9.e4 Nbd7
10.Bd3 Nc5 11.Bc2 a5 12.h3 Bh5 13.Qe2 Be7 14.b3 O-O 15.a3 cxd5 16.cxd5 Qd7 17.O-O
Rfc8 18.Rfc1 a4 19.b4 Na6 20.Bd3 Qd8 21.Nc4 Nd7 22.g4 Bg6 23.Na5 Rc7 24.Nxb7 Rxb7
25.Bxa6 Rc7 26.Bb5 Bg5 27.Nxg5 Qxg5 28.Bc6 Rac8 29.Bd2 Qh4 30.Kg2 Nb6 31.f3 h5 32.Qf2
Qxf2+ 33.Kxf2 hxg4 34.hxg4

[Event "2. Bundesliga West 2013/14"]
[Site "Salzburg"]
[Date "2014.01.17"]
[Round "6"]
[Board "6"]
[White "Proyer, Enno"]
[Black "Kuecher, Wolfgang"]
[Result "*"]
[WhiteElo "1956"]
[BlackElo "2079"]
[PlyCount "89"]
[EventDate "2013.10.18"]
[EventType "team"]
[EventRounds "11"]
[EventCountry "AUT"]
[WhiteTeam "Dornbirn"]
[BlackTeam "Ranshofen"]

1.d4 Nf6 2.c4 c6 3.Nf3 d5 4.e3 g6 5.Nc3 Bg7 6.Be2 O-O 7.O-O Bg4 8.h3 Bxf3 9.Bxf3 e6
10.Qb3 Qe7 11.Bd2 Na6 12.Rfc1 Rab8 13.cxd5 exd5 14.Be2 Nc7 15.Na4 Rfe8 16.Bb4 Qd8
17.Qd1 Ne6 18.Be1 Ne4 19.b4 a6 20.Nc5 f5 21.Nxe4 fxe4 22.a4 Rf8 23.Bg4 Nc7 24.Ra2
Qg5 25.b5 axb5 26.Ba5 Rf7 27.Bxc7 Rxc7 28.axb5 Qf6 29.Qb3 h5 30.Bd1 Rbc8 31.bxc6 bxc6
32.Rac2 Qd6 33.Qb6 Bf8 34.Be2 c5 35.Qxd6 Bxd6 36.dxc5 Rxc5 37.Rxc5 Rxc5 38.Rxc5 Bxc5
39.Bb5 Kf7 40.Bc6 Ke6 41.Be8 Kf6 42.Kf1 h4 43.Ke2 g5 44.f3 Ke5 45.Bc6

[Event "2. Bundesliga West 2013/14"]
[Site "Salzburg"]
[Date "2014.01.17"]
[Round "6"]
[Board "1"]
[White "Arnaudov, Petar"]
[Black "Zimmermann, Ulrich"]
[Result "0-1"]
[WhiteElo "2451"]
[BlackElo "2272"]
[PlyCount "106"]
[EventDate "2013.10.18"]
[EventType "team"]
[EventRounds "11"]
[EventCountry "AUT"]
[WhiteTeam "SIR Bernhard 2"]
[BlackTeam "Rochade Rum"]

1.Nf3 d5 2.g3 c6 3.Bg2 Bg4 4.c4 e6 5.O-O Nd7 6.cxd5 exd5 7.d3 Bd6 8.Nc3 Ne7 9.Qc2
O-O 10.e4 Nc5 11.Be3 Ne6 12.Ne2 h6 13.Qb3 Qd7 14.Nfd4 Nxd4 15.Nxd4 c5 16.Nb5 Be2 17.Rfc1
c4 18.dxc4 Bxc4 19.Rxc4 dxc4 20.Qxc4 a6 21.Nxd6 Qxd6 22.Qb3 Qe6 23.Qxe6 fxe6 24.Bc5
Kf7 25.e5 Rac8 26.Bd6 b6 27.Bb7 Rc2 28.Bxa6 Ra8 29.Bd3 Rxb2 30.a4 Nd5 31.Ra3 Rc8 32.a5
b5 33.a6 b4 34.Ra5 Rd2 35.Bf1 b3 36.Rb5 Rc3 37.Rb7+ Kg6 38.Bf8 Rd1 39.Kg2 Ra1 40.Be2
Ra2 41.Bf3 Rxf3 42.Kxf3 b2 43.a7 Rxa7 44.Rxb2 Rf7+ 45.Ke4 Rxf8 46.f4 Ne7 47.Rb7 Kf7
48.g4 Ra8 49.f5 Ra4+ 50.Kf3 Ra3+ 51.Ke4 Rh3 52.Rb6 exf5+ 53.gxf5 Rh4+ 0-1

[Event "2. Bundesliga West 2013/14"]
[Site "Salzburg"]
[Date "2014.01.17"]
[Round "6"]
[Board "2"]
[White "Pogan, Nikolas"]
[Black "Pitl, Gregory"]
[Result "*"]
[WhiteElo "2293"]
[BlackElo "2397"]
[PlyCount "83"]
[EventDate "2013.10.18"]
[EventType "team"]
[EventRounds "11"]
[EventCountry "AUT"]
[WhiteTeam "Rochade Rum"]
[BlackTeam "SIR Bernhard 2"]

1.c4 Nf6 2.g3 e6 3.Nf3 d5 4.d4 dxc4 5.Qa4+ Nc6 6.Bg2 Bb4+ 7.Bd2 Nd5 8.Ne5 Bd7 9.Nxc6
Bxc6 10.Qc2 O-O 11.O-O b5 12.e4 Bxd2 13.exd5 Bxd5 14.Qxd2 Bxg2 15.Kxg2 Qd5+ 16.f3
Rad8 17.Nc3 Qd7 18.Qe3 b4 19.Ne2 Qb5 20.Rfd1 Rd6 21.a3 a5 22.axb4 axb4 23.Kf2 Rfd8
24.Rdc1 c5 25.dxc5 Rd3 26.Qe4 Qxc5+ 27.Kf1 f5 28.Qf4 Qd5 29.Kf2 Qc5+ 30.Ke1 c3 31.bxc3
bxc3 32.Rc2 e5 33.Qxf5 Re3 34.Rac1 Qc4 35.Qg4 e4 36.Qg5 Rdd3 37.fxe4 Qxe4 38.Qf4 Qh1+
39.Qf1 Qxh2 40.Qf2 Qh1+ 41.Qf1 Qh2 42.Qf2

[Event "2. Bundesliga West 2013/14"]
[Site "Salzburg"]
[Date "2014.01.17"]
[Round "6"]
[Board "3"]
[White "Huch, Reiner"]
[Black "Heinzel, Olaf"]
[Result "*"]
[WhiteElo "2334"]
[BlackElo "2366"]
[PlyCount "99"]
[EventDate "2013.10.18"]
[EventType "team"]
[EventRounds "11"]
[EventCountry "AUT"]
[WhiteTeam "SIR Bernhard 2"]
[BlackTeam "Rochade Rum"]

1.d4 d5 2.c4 e6 3.Nc3 c6 4.e3 Nd7 5.Qc2 Ngf6 6.Nf3 Bd6 7.Be2 O-O 8.O-O dxc4 9.Bxc4
e5 10.h3 Qe7 11.Bd2 h6 12.Nh4 Nb6 13.Bb3 Be6 14.Nf5 Qd7 15.Bxe6 Qxe6 16.Rae1 Nc4 17.Bc1
Bb4 18.e4 exd4 19.Nxd4 Qe5 20.Nf5 Bxc3 21.bxc3 Rae8 22.Qd3 b5 23.Qf3 Kh7 24.Bf4 Qe6
25.Nd4 Qc8 26.g4 Ne5 27.Qg3 Ng6 28.f3 Nxf4 29.Qxf4 a6 30.Rd1 Rd8 31.Nf5 Rxd1 32.Rxd1
Rd8 33.Rd6 Rxd6 34.Qxd6 Qd7 35.Kf2 Qxd6 36.Nxd6 Kg8 37.Ke3 Nd7 38.Kd4 f6 39.f4 a5
40.h4 Kf8 41.Nb7 g5 42.hxg5 fxg5 43.fxg5 hxg5 44.e5 b4 45.cxb4 axb4 46.Nc5 Ke8 47.Nxd7
Kxd7 48.Kc5 Ke6 49.Kxb4 Kxe5 50.Kc5

[Event "2. Bundesliga West 2013/14"]
[Site "Salzburg"]
[Date "2014.01.17"]
[Round "6"]
[Board "4"]
[White "Hoellrigl, Wilfried"]
[Black "Pflug, Mathias"]
[Result "*"]
[WhiteElo "2183"]
[BlackElo "2298"]
[PlyCount "142"]
[EventDate "2013.10.18"]
[EventType "team"]
[EventRounds "11"]
[EventCountry "AUT"]
[WhiteTeam "Rochade Rum"]
[BlackTeam "SIR Bernhard 2"]

1.e4 c5 2.Nf3 d6 3.Bb5+ Nd7 4.O-O a6 5.Bxd7+ Bxd7 6.c3 Nf6 7.Re1 e6 8.d4 cxd4 9.cxd4
d5 10.e5 Ne4 11.Nbd2 Nxd2 12.Bxd2 Qb6 13.Re3 Be7 14.Rb3 Qa7 15.Qe1 Ba4 16.Rc3 O-O
17.Qc1 Rfe8 18.Bg5 Bf8 19.Qf4 Rac8 20.Rac1 Rxc3 21.Rxc3 Qb6 22.b3 Bd7 23.Qc1 h6 24.Be3
Qa5 25.Rc2 Bc6 26.h4 Ba3 27.Qd1 Bd7 28.g4 Be7 29.h5 Rc8 30.Rxc8+ Bxc8 31.Qc2 Qd8 32.Ne1
Bd7 33.Bd2 Bf8 34.Nf3 Qc8 35.Qb1 Bb5 36.Kg2 Be2 37.Kg3 Be7 38.Ng1 Bb5 39.a4 Be8 40.Qd3
b5 41.axb5 Bxb5 42.Qc3 Qxc3+ 43.Bxc3 Bd3 44.f4 Bc2 45.b4 Kf8 46.Nf3 Ke8 47.Bd2 Kd7
48.g5 Bf8 49.Nh2 Kc6 50.Ng4 Bf5 51.Ne3 Kb5 52.Nxf5 exf5 53.Kf3 Be7 54.g6 fxg6 55.hxg6
Kc4 56.Ke3 Bd8 57.e6 Bf6 58.Kf3 Bd8 59.Ke3 Be7 60.Be1 h5 61.Kf3 Kb5 62.Kg3 Kc6 63.Kh3
Bf6 64.Bh4 Bxd4 65.Bg5 Kd6 66.e7 Kd7 67.Kh4 Ke8 68.Kxh5 Bc3 69.Bh4 Bb2 70.Bg5 Bc3
71.Bh4 Bd4

[Event "2. Bundesliga West 2013/14"]
[Site "Salzburg"]
[Date "2014.01.17"]
[Round "6"]
[Board "5"]
[White "Wieneroiter, Gerald"]
[Black "Hengl, Christian"]
[Result "0-1"]
[WhiteElo "2156"]
[BlackElo "2214"]
[PlyCount "78"]
[EventDate "2013.10.18"]
[EventType "team"]
[EventRounds "11"]
[EventCountry "AUT"]
[WhiteTeam "SIR Bernhard 2"]
[BlackTeam "Rochade Rum"]

1.Nf3 d5 2.d4 Nf6 3.c4 c6 4.e3 a6 5.Nbd2 Bf5 6.Be2 Nbd7 7.O-O e6 8.Nh4 Bg6 9.Nxg6
hxg6 10.f4 Bd6 11.c5 Bc7 12.b4 g5 13.g3 gxf4 14.exf4 Ne4 15.Nxe4 dxe4 16.f5 exf5 17.Rxf5
g6 18.Rf2 f5 19.d5 Be5 20.Bf4 cxd5 21.Bxe5 Nxe5 22.Qd4 Qf6 23.Rd1 Rd8 24.a4 Kf7 25.Kh1
Nc6 26.Qxf6+ Kxf6 27.g4 Ke5 28.gxf5 gxf5 29.b5 axb5 30.axb5 Nd4 31.Bf1 f4 32.Rfd2
Ne6 33.c6 bxc6 34.bxc6 f3 35.c7 Nxc7 36.Bc4 e3 37.Rd3 dxc4 38.Rxd8 Rxd8 39.Rxd8 e2 0-1

[Event "2. Bundesliga West 2013/14"]
[Site "Salzburg"]
[Date "2014.01.17"]
[Round "6"]
[Board "6"]
[White "Jedinger, Andreas"]
[Black "Huber, Wolfgang"]
[Result "*"]
[WhiteElo "2169"]
[BlackElo "2046"]
[PlyCount "69"]
[EventDate "2013.10.18"]
[EventType "team"]
[EventRounds "11"]
[EventCountry "AUT"]
[WhiteTeam "Rochade Rum"]
[BlackTeam "SIR Bernhard 2"]

1.e4 c6 2.d4 d5 3.Nc3 dxe4 4.Nxe4 Bf5 5.Ng3 Bg6 6.h4 h6 7.Nf3 Nd7 8.h5 Bh7 9.Bd3 Bxd3
10.Qxd3 e6 11.Bd2 Qc7 12.O-O-O Ngf6 13.Ne4 O-O-O 14.Nxf6 Nxf6 15.Qe2 Rd5 16.c4 Rxh5
17.Rxh5 Nxh5 18.Ne5 Nf6 19.Bf4 Bd6 20.Kb1 Rd8 21.Bg3 Qe7 22.Qf3 Bc7 23.Rd3 Bxe5 24.Bxe5
Kd7 25.Qg3 g5 26.Qh3 Ng8 27.d5 Ke8 28.d6 Qf8 29.c5 Kd7 30.Rb3 Rb8 31.Qd3 f5 32.Qc3
f4 33.a3 Qf5+ 34.Ka2 h5 35.Qa5

[Event "2. Bundesliga West 2013/14"]
[Site "Salzburg"]
[Date "2014.01.18"]
[Round "7"]
[Board "1"]
[White "Brumen, Dinko"]
[Black "Zelbel, Patrick"]
[Result "0-1"]
[WhiteElo "2358"]
[BlackElo "2395"]
[PlyCount "66"]
[EventDate "2013.10.18"]
[EventType "team"]
[EventRounds "11"]
[EventCountry "AUT"]
[WhiteTeam "Schwarzach"]
[BlackTeam "Kufstein / Woergl"]

1.d4 Nf6 2.Bg5 Ne4 3.Bf4 c5 4.f3 Qa5+ 5.c3 Nf6 6.Nd2 cxd4 7.Nb3 Qf5 8.Bxb8 Rxb8 9.Nxd4
Qa5 10.e4 e6 11.Nb5 Qb6 12.a4 a6 13.Nd4 Qxb2 14.Nge2 Qb6 15.g4 h6 16.h4 Bc5 17.Bh3
Qc7 18.Qd3 b6 19.g5 Nh5 20.g6 fxg6 21.e5 O-O 22.Qxg6 Qxe5 23.Bxe6+ dxe6 24.Nc6 Qxe2+
25.Kxe2 Nf4+ 26.Ke1 Nxg6 27.Nxb8 Ne5 28.Rd1 Bb7 29.Nd7 Rxf3 30.Nxc5 Re3+ 31.Kd2 Nc4+
32.Kc2 Bxh1 33.Nxa6 Bc6 0-1

[Event "2. Bundesliga West 2013/14"]
[Site "Salzburg"]
[Date "2014.01.18"]
[Round "7"]
[Board "2"]
[White "Bertagnolli, Alexander"]
[Black "Roeberg, Frank"]
[Result "*"]
[WhiteElo "2333"]
[BlackElo "2226"]
[PlyCount "87"]
[EventDate "2013.10.18"]
[EventType "team"]
[EventRounds "11"]
[EventCountry "AUT"]
[WhiteTeam "Kufstein / Woergl"]
[BlackTeam "Schwarzach"]

1.d4 Nf6 2.Bg5 e6 3.e4 h6 4.Bxf6 Qxf6 5.c3 b6 6.Bd3 Bb7 7.Ne2 d6 8.O-O g6 9.f4 Nd7
10.Nd2 Qe7 11.a4 a6 12.Qe1 Bg7 13.Qg3 O-O 14.e5 Rfd8 15.h4 h5 16.Be4 Bxe4 17.Nxe4
d5 18.Ng5 c5 19.Qh3 Bh6 20.g4 hxg4 21.Qxg4 Kg7 22.Rf2 Rh8 23.Ng3 Rag8 24.Kg2 cxd4
25.cxd4 Qb4 26.Rc1 Qxd4 27.Nxe6+ fxe6 28.Qxe6 Bxf4 29.Rc7 Qxe5 30.Rxd7+ Kh6 31.Qxe5
Bxe5 32.Rxd5 Bxg3 33.Kxg3 Rd8 34.Rfd2 Rxd5 35.Rxd5 Rc8 36.Rd6 Rc4 37.Rxb6 Rxa4 38.b3
Ra1 39.Kg4 a5 40.Ra6 Ra3 41.h5 Rxb3 42.hxg6 Rb5 43.Kf4 a4 44.Rxa4

[Event "2. Bundesliga West 2013/14"]
[Site "Salzburg"]
[Date "2014.01.18"]
[Round "7"]
[Board "3"]
[White "Mikulic, Oliver"]
[Black "Rusche, Johannes"]
[Result "0-1"]
[WhiteElo "2132"]
[BlackElo "2229"]
[PlyCount "116"]
[EventDate "2013.10.18"]
[EventType "team"]
[EventRounds "11"]
[EventCountry "AUT"]
[WhiteTeam "Schwarzach"]
[BlackTeam "Kufstein / Woergl"]

1.e4 e5 2.Nf3 Nc6 3.Bb5 Nge7 4.O-O g6 5.d4 exd4 6.Nxd4 Bg7 7.Be3 O-O 8.Nc3 a6 9.Be2
d6 10.Qd2 Bxd4 11.Bxd4 Nxd4 12.Qxd4 Nc6 13.Qe3 Be6 14.f4 f5 15.exf5 Bxf5 16.Bc4+ Kg7
17.Nd5 Qd7 18.Qc3+ Kh6 19.h3 Qg7 20.g4 Qxc3 21.Nxc3 Bd7 22.Rae1 Kg7 23.Nd5 Rac8 24.Kh2
Na5 25.Re7+ Rf7 26.Rfe1 Rcf8 27.Bd3 c5 28.f5 gxf5 29.gxf5 Nc6 30.f6+ Kh8 31.Nb6 Nxe7
32.fxe7 Re8 33.Nxd7 Rexe7 34.Rxe7 Rxe7 35.Nb6 Kg7 36.a4 Re5 37.Nc4 Re6 38.Nb6 h6 39.b3
Kf6 40.Kg3 Ke5 41.Nd7+ Kd4 42.Bf5 Re1 43.Kf4 Rf1+ 44.Kg4 Rg1+ 45.Kf3 Rf1+ 46.Kg4 Rg1+
47.Kh4 Rg5 48.Bd3 d5 49.Nf8 Re5 50.Ng6 Rg5 51.Nf4 Re5 52.Ne2+ Ke3 53.Ng3 Kf3 54.a5
c4 55.bxc4 dxc4 56.Bxc4 Rxa5 57.Bd3 Ra4+ 58.Ne4 Rxe4+ 0-1

[Event "2. Bundesliga West 2013/14"]
[Site "Salzburg"]
[Date "2014.01.18"]
[Round "7"]
[Board "4"]
[White "Neuschmied, Siegfried"]
[Black "Ljubic, Juro"]
[Result "*"]
[WhiteElo "2221"]
[BlackElo "2227"]
[PlyCount "126"]
[EventDate "2013.10.18"]
[EventType "team"]
[EventRounds "11"]
[EventCountry "AUT"]
[WhiteTeam "Kufstein / Woergl"]
[BlackTeam "Schwarzach"]

1.e4 c5 2.Nf3 d6 3.Bb5+ Nd7 4.a4 Ngf6 5.Nc3 g6 6.O-O Bg7 7.h3 O-O 8.d3 h6 9.Be3 e5
10.Nh2 Nh5 11.Qd2 Kh7 12.g4 Nf4 13.Bxf4 exf4 14.Qxf4 Be5 15.Qd2 Qh4 16.f4 Bxc3 17.Qxc3
Qxh3 18.Rf3 Qh4 19.Kg2 Qf6 20.Qb3 Nb6 21.a5 Be6 22.c4 a6 23.Ba4 Nxa4 24.Rxa4 h5 25.g5
Qd4 26.Ra1 Rae8 27.Rc1 Bd7 28.Qc3 Qxc3 29.Rxc3 f6 30.gxf6 Rxf6 31.Kg3 Ref8 32.Rb3
Bc6 33.Rb6 Kh6 34.b4 cxb4 35.Rxb4 g5 36.fxg5+ Kxg5 37.Rxf6 h4+ 38.Kf3 Rxf6+ 39.Ke3
h3 40.Rb1 Rf7 41.Rh1 Rh7 42.Nf3+ Kf6 43.d4 Rh5 44.d5 Bd7 45.Kf4 Ba4 46.Nh2 Rh4+ 47.Ng4+
Kg6 48.Kg3 Kg5 49.Nf2 Bd7 50.Rb1 Bc8 51.Rc1 h2 52.c5 dxc5 53.Rxc5 Rh8 54.Rc1 Kf6 55.Kf4
Ke7 56.e5 Bd7 57.Kg3 Rh5 58.Re1 Bf5 59.Kf4 Bh3 60.Kg3 Bf5 61.Rh1 Bc2 62.Re1 Bf5 63.Rh1
Bc2

[Event "2. Bundesliga West 2013/14"]
[Site "Salzburg"]
[Date "2014.01.18"]
[Round "7"]
[Board "5"]
[White "Stoeckl, Norbert"]
[Black "Steinbacher, Thomas"]
[Result "*"]
[WhiteElo "2086"]
[BlackElo "2116"]
[PlyCount "89"]
[EventDate "2013.10.18"]
[EventType "team"]
[EventRounds "11"]
[EventCountry "AUT"]
[WhiteTeam "Schwarzach"]
[BlackTeam "Kufstein / Woergl"]

1.c4 e5 2.Nc3 Bb4 3.Nd5 Bc5 4.b4 Bf8 5.Bb2 c6 6.Ne3 e4 7.Qb3 d6 8.d3 exd3 9.exd3 Nf6
10.Ne2 Be7 11.Ng3 Be6 12.Nef5 Bf8 13.Be2 Nbd7 14.O-O g6 15.Nd4 Bg7 16.Ne4 Qe7 17.Ng5
O-O 18.Rae1 h6 19.Ngxe6 fxe6 20.f4 Qf7 21.Bd1 Rae8 22.b5 Nc5 23.Qc2 Qd7 24.bxc6 bxc6
25.Bf3 Rb8 26.Ba3 Nfe4 27.Nxe6 Nxe6 28.Bxe4 Bd4+ 29.Kh1 Nxf4 30.Qa4 Rbc8 31.Rf3 Kg7
32.Ref1 Qg4 33.g3 Nxd3 34.Bxc6 Nf2+ 35.R1xf2 Bxf2 36.Kg2 Bd4 37.Bxd6 Rxf3 38.Bxf3
Qe6 39.c5 Qf7 40.Qxd4+ Kh7 41.Qd5 Kg8 42.Qb7 Qxb7 43.Bxb7 Rd8 44.c6 Rxd6 45.c7

[Event "2. Bundesliga West 2013/14"]
[Site "Salzburg"]
[Date "2014.01.18"]
[Round "7"]
[Board "6"]
[White "Atzl, Florian"]
[Black "Hajdarevic, Dino"]
[Result "*"]
[WhiteElo "1824"]
[BlackElo "2098"]
[PlyCount "76"]
[EventDate "2013.10.18"]
[EventType "team"]
[EventRounds "11"]
[EventCountry "AUT"]
[WhiteTeam "Kufstein / Woergl"]
[BlackTeam "Schwarzach"]

1.e4 c5 2.Nf3 d6 3.d4 cxd4 4.Nxd4 Nf6 5.Nc3 a6 6.h3 e5 7.Nde2 Be6 8.Ng3 Be7 9.Be2
O-O 10.O-O Nc6 11.Be3 Qa5 12.a3 d5 13.b4 Qd8 14.exd5 Nxd5 15.Nxd5 Qxd5 16.c4 Qxd1
17.Rfxd1 Nd4 18.Bxd4 exd4 19.Bd3 g6 20.c5 a5 21.Be4 Ra7 22.Ne2 Bb3 23.Rdb1 Bc4 24.Nf4
Bg5 25.Bd3 Bxd3 26.Nxd3 Bd2 27.Ra2 Bc3 28.Re2 axb4 29.axb4 f6 30.b5 Kf7 31.c6 bxc6
32.bxc6 Rc7 33.Nc5 Re8 34.Rb7 Ba5 35.Rxc7+ Bxc7 36.Rxe8 Kxe8 37.Ne6 Bb6 38.Kf1 Ke7

[Event "2. Bundesliga West 2013/14"]
[Site "Salzburg"]
[Date "2014.01.18"]
[Round "7"]
[Board "1"]
[White "Roth, Peter"]
[Black "Votava, Jan"]
[Result "0-1"]
[WhiteElo "2191"]
[BlackElo "2524"]
[PlyCount "54"]
[EventDate "2013.10.18"]
[EventType "team"]
[EventRounds "11"]
[EventCountry "AUT"]
[WhiteTeam "ASK Salzburg 1"]
[BlackTeam "Zillertal"]

1.e4 c5 2.Nf3 e6 3.d3 d6 4.g3 Nf6 5.Bg2 Be7 6.O-O O-O 7.c3 Nbd7 8.Qe2 Qc7 9.Nbd2 b6
10.Re1 Bb7 11.h3 Rad8 12.Nh2 e5 13.c4 Nb8 14.Ndf1 Nc6 15.Be3 Nd7 16.g4 Nd4 17.Bxd4
cxd4 18.Ng3 Nc5 19.Nf5 Ne6 20.Qf3 Bg5 21.h4 Bf4 22.g5 f6 23.gxf6 Rxf6 24.Bh3 Rdf8
25.Qe2 Bxh2+ 26.Kxh2 Nf4 27.Qf1 Bc8 0-1

[Event "2. Bundesliga West 2013/14"]
[Site "Salzburg"]
[Date "2014.01.18"]
[Round "7"]
[Board "2"]
[White "Lanka, Zigurds"]
[Black "Harringer, Franz"]
[Result "*"]
[WhiteElo "2432"]
[BlackElo "2264"]
[PlyCount "101"]
[EventDate "2013.10.18"]
[EventType "team"]
[EventRounds "11"]
[EventCountry "AUT"]
[WhiteTeam "Zillertal"]
[BlackTeam "ASK Salzburg 1"]

1.e4 e5 2.Nf3 Nc6 3.Bb5 a6 4.Ba4 Nf6 5.O-O Nxe4 6.d4 b5 7.Bb3 d5 8.dxe5 Be6 9.Be3
Be7 10.c3 Nc5 11.Bc2 Nd7 12.Bd4 Bg4 13.Re1 Nf8 14.Nbd2 Ne6 15.Qb1 Bh5 16.Be3 Qd7 17.a4
b4 18.a5 Bg6 19.Bxg6 hxg6 20.Nb3 Rh5 21.Bd2 Rb8 22.Qc2 Rb5 23.Nfd4 Rb8 24.f4 Ncxd4
25.cxd4 Qb5 26.Be3 Rc8 27.Qd1 Rd8 28.Rc1 Kd7 29.g4 Rh3 30.f5 Ng5 31.Bxg5 Bxg5 32.Nc5+
Kc8 33.Rc2 gxf5 34.gxf5 Be3+ 35.Kh1 Rdh8 36.e6 f6 37.Qg4 R3h4 38.Qxg7 Bxd4 39.Nxa6
Qb7 40.Qxc7+ Qxc7 41.Rxc7+ Kd8 42.Rd7+ Kc8 43.Rc1+ Bc3 44.Rc7+ Kd8 45.e7+ Ke8 46.Rc8+
Kxe7 47.Rxh8 Rxh8 48.bxc3 bxc3 49.Rxc3 Kd6 50.Nb4 d4 51.Ra3

[Event "2. Bundesliga West 2013/14"]
[Site "Salzburg"]
[Date "2014.01.18"]
[Round "7"]
[Board "3"]
[White "Juergens, Klaus"]
[Black "Hausner, Ivan"]
[Result "0-1"]
[WhiteElo "2140"]
[BlackElo "2378"]
[PlyCount "50"]
[EventDate "2013.10.18"]
[EventType "team"]
[EventRounds "11"]
[EventCountry "AUT"]
[WhiteTeam "ASK Salzburg 1"]
[BlackTeam "Zillertal"]

1.Nf3 c5 2.c4 Nf6 3.Nc3 e6 4.g3 b6 5.Bg2 Bb7 6.O-O Be7 7.Re1 d6 8.e4 a6 9.d4 cxd4
10.Nxd4 Qc7 11.Be3 Nbd7 12.Rc1 O-O 13.b3 Rac8 14.f3 Qb8 15.Bf2 Rfe8 16.Qe2 Bf8 17.Kh1
Qa8 18.Qe3 g6 19.h3 Bg7 20.Nde2 d5 21.Na4 dxe4 22.f4 b5 23.cxb5 axb5 24.Nac3 Nd5 25.Qxe4
Rb8 0-1

[Event "2. Bundesliga West 2013/14"]
[Site "Salzburg"]
[Date "2014.01.18"]
[Round "7"]
[Board "4"]
[White "Platzgummer, Fabian"]
[Black "Scheiblmaier, Robert"]
[Result "*"]
[WhiteElo "2314"]
[BlackElo "2184"]
[PlyCount "81"]
[EventDate "2013.10.18"]
[EventType "team"]
[EventRounds "11"]
[EventCountry "AUT"]
[WhiteTeam "Zillertal"]
[BlackTeam "ASK Salzburg 1"]

1.Nf3 d5 2.c4 e6 3.g3 Nf6 4.Bg2 c5 5.cxd5 exd5 6.d4 Nc6 7.O-O Be7 8.Nc3 O-O 9.Bg5
cxd4 10.Nxd4 h6 11.Be3 Re8 12.Rc1 Bf8 13.Nxc6 bxc6 14.Na4 Bd7 15.Bc5 Bxc5 16.Nxc5
Bg4 17.Re1 Qb6 18.Qc2 Rac8 19.b3 Qb4 20.h3 Be6 21.e3 Qa3 22.Red1 Qa5 23.Rd4 Re7 24.Ra4
Qb6 25.Ra6 Qb8 26.a3 Rcc7 27.Ra4 Qe8 28.Ra5 Bc8 29.b4 a6 30.Qc3 Nd7 31.Nxd7 Bxd7 32.Bxd5
Bxh3 33.Bxc6 Qd8 34.Rc5 Rxc6 35.Rxc6 Qd5 36.Rc8+ Bxc8 37.Qxc8+ Kh7 38.Qf8 Rd7 39.Rc8
Qd1+ 40.Kg2 Qd5+ 41.f3

[Event "2. Bundesliga West 2013/14"]
[Site "Salzburg"]
[Date "2014.01.18"]
[Round "7"]
[Board "5"]
[White "Besner, Bernhard"]
[Black "Tabernig, Bernhard"]
[Result "*"]
[WhiteElo "2201"]
[BlackElo "2350"]
[PlyCount "99"]
[EventDate "2013.10.18"]
[EventType "team"]
[EventRounds "11"]
[EventCountry "AUT"]
[WhiteTeam "ASK Salzburg 1"]
[BlackTeam "Zillertal"]

1.e4 e6 2.d4 d5 3.Nd2 Nf6 4.e5 Nfd7 5.c3 c5 6.Bd3 Nc6 7.Ngf3 g6 8.O-O Bg7 9.Re1 Qb6
10.Qa4 O-O 11.Bb5 cxd4 12.cxd4 a6 13.Bxc6 bxc6 14.Nb3 c5 15.dxc5 Nxc5 16.Nxc5 Qxc5
17.b3 Qb5 18.Qh4 f6 19.Bh6 Ra7 20.Bxg7 Kxg7 21.exf6+ Rxf6 22.Rac1 Qb8 23.Ne5 Bd7 24.Qd4
h5 25.Nxd7 Rxd7 26.Rxe6 Qf4 27.Qxf6+ Qxf6 28.Rxf6 Kxf6 29.Rc6+ Kf5 30.Kf1 a5 31.Ke2
a4 32.b4 Ke4 33.Rxg6 Kd4 34.Rc6 a3 35.b5 Re7+ 36.Kd2 Rf7 37.f3 Rg7 38.g3 h4 39.g4
Rf7 40.Rc3 Rb7 41.Rb3 Rb6 42.h3 Kc4 43.f4 d4 44.f5 Kd5 45.Kd3 Kc5 46.g5 Kd5 47.f6
Re6 48.Kd2 Re5 49.b6 Ke4 50.b7

[Event "2. Bundesliga West 2013/14"]
[Site "Salzburg"]
[Date "2014.01.18"]
[Round "7"]
[Board "6"]
[White "Kupfner, Franz"]
[Black "Loeffler, Christoph"]
[Result "*"]
[WhiteElo "2178"]
[BlackElo "2167"]
[PlyCount "87"]
[EventDate "2013.10.18"]
[EventType "team"]
[EventRounds "11"]
[EventCountry "AUT"]
[WhiteTeam "Zillertal"]
[BlackTeam "ASK Salzburg 1"]

1.c4 e6 2.Nf3 d5 3.b3 Nf6 4.Bb2 c5 5.e3 b6 6.g3 Bb7 7.Bg2 Be7 8.O-O O-O 9.Qe2 Nbd7
10.d3 Qc7 11.Nc3 Rad8 12.Rac1 Bc6 13.cxd5 Nxd5 14.Nxd5 exd5 15.d4 Qd6 16.Rfd1 Bf6
17.Ba3 Be7 18.Rd2 Qe6 19.Rdc2 a6 20.dxc5 Bb5 21.Qd2 bxc5 22.Bb2 Nf6 23.Qc3 Rfe8 24.Qe5
Bd3 25.Qxe6 fxe6 26.Rd2 Bf5 27.Ne5 Rc8 28.f3 h5 29.h3 Bd6 30.g4 hxg4 31.hxg4 Bxe5
32.Bxe5 Bg6 33.Bf1 Rc6 34.Kf2 Nd7 35.Bb2 Rec8 36.Kg3 Kf8 37.g5 R8c7 38.Bh3 Bf7 39.Bg4
Nb6 40.Rh1 Bg6 41.Rh8+ Kf7 42.Rb8 Rc8 43.Rb7+ R8c7 44.Rb8

[Event "2. Bundesliga West 2013/14"]
[Site "Salzburg"]
[Date "2014.01.18"]
[Round "7"]
[Board "1"]
[White "Bezold, Michael"]
[Black "Bayer, Bernhard"]
[Result "*"]
[WhiteElo "2518"]
[BlackElo "2444"]
[PlyCount "63"]
[EventDate "2013.10.18"]
[EventType "team"]
[EventRounds "11"]
[EventCountry "AUT"]
[WhiteTeam "Hohenems II"]
[BlackTeam "Schwaz"]

1.d4 Nf6 2.Nf3 e6 3.c4 d5 4.Nc3 c6 5.e3 Nbd7 6.Qc2 Bd6 7.b3 O-O 8.Bd3 e5 9.cxd5 cxd5
10.Nb5 Bb4+ 11.Bd2 Bxd2+ 12.Nxd2 e4 13.Be2 a6 14.Nc3 Nb6 15.O-O Qd6 16.a4 Bg4 17.f3
exf3 18.gxf3 Bh3 19.Rf2 Rac8 20.Qd3 Bf5 21.e4 Bg6 22.a5 Qb4 23.Nd1 dxe4 24.fxe4 Rcd8
25.Qc3 Qxd4 26.Qxd4 Rxd4 27.Nf3 Rb4 28.axb6 Nxe4 29.Rg2 Rxb3 30.Ne5 Rd8 31.Nxg6 hxg6
32.Rxg6